| 000 | 02535nam a22003737a 4500 | ||
|---|---|---|---|
| 001 | 1004260.0 | ||
| 003 | KnowledgeUnlatched | ||
| 005 | 20210303104843.0 | ||
| 006 | m o d | ||
| 007 | cr u|||||||||| | ||
| 008 | 210129p20192020cau o u00| u eng d | ||
| 037 | _5BiblioBoard | ||
| 245 | 0 | 0 | _aPublic Goods Provision in the Early Modern Economy |
| 020 | _a9780520972797 | ||
| 024 | 8 | _a10.1525/luminos.63 | |
| 029 | 1 | _ahttps://library.biblioboard.com/ext/api/media/a742b6b3-8cc1-4b6d-afb6-a2c11e00bb61/assets/thumbnail.jpg | |
| 040 |
_aScCtBLL _cScCtBLL |
||
| 264 | 1 | _bUniversity of California Press, | |
| 300 | _a1 online resource (1 p.) | ||
| 506 | 0 |
_aAccess copy available to the general public. _fUnrestricted _2star |
|
| 520 | _aHistorically, for sustaining and reproducing their economic lives, people have obtained goods and services through various ways. How did people tackle issues that the market did not handle well? This volume compares early modern efforts to provide "public goods"-defined in contraposition to market-mediated goods and goods provided through personal relations, such as kinship ties. We examine poverty and famine relief, infrastructure building, and forestry management in East Asia and Europe, using Japan's Tokugawa era (1603-1868) as a benchmark from which consider the cases in Prussia, China, and England. Taking advantage of rich scholarship on the role of autonomous village and regional society in Japan's early modern history, the volume highlights the diverse approaches to providing public goods across societies, relativizing the discussion on the formation of fiscal state drawn from the experience in "advanced" Western Europe, and it constructs the beginnings of an early modern basis for forecasting the diversity in public-goods provision future into the modern and contemporary periods. | ||
| 588 | 0 | _aDescription based on print version record. | |
| 590 | _aLuminos | ||
| 650 | 7 |
_aHistory _2bisacsh |
|
| 650 | 7 |
_aHistory / Asia _2bisacsh |
|
| 650 | 7 |
_aBusiness & Economics / Economics _2bisacsh |
|
| 650 | 0 | _aHistory | |
| 655 | 0 | _aElectronic books. | |
| 758 |
_iIs found in: _aKnowledge Unlatched _1https://openresearchlibrary.org/module/2774bc74-146a-484f-a7ba-ab1d6a09bbfb |
||
| 856 | 4 | 0 |
_uhttps://openresearchlibrary.org/content/a742b6b3-8cc1-4b6d-afb6-a2c11e00bb61 _zView this content on Open Research Library. _70 |
| 999 |
_c32780 _d32780 |
||